| 000 | 00358nam a22001457a 4500 | ||
|---|---|---|---|
| 082 |
_a627.52 _bSHA _cL-26, P-21 |
||
| 100 |
_aSharma, K.R _944057 |
||
| 245 | _aIrrigation Engineering | ||
| 250 | _a1 | ||
| 260 |
_aIndia _bIndia Printers |
||
| 300 |
_axvii, P-436 _bill |
||
| 526 |
_a0 _b0 _c0 _d627_520000000000000_SHA |
||
| 650 |
_aMCE _9379 |
||
| 942 |
_2ddc _cBK |
||
| 999 |
_c547894 _d547894 |
||